000 00387nam a2200145Ia 4500
005 20240821154819.0
008 240821s9999||||xx |||||||||||||| ||und||
082 _a745.92 COE
100 _aCoe, Stella
245 0 _aArt of Japenese flower arrangement
260 _aLondon
_bHerbert Jenskins
_c1967
300 _a158p
650 _aARTS,CRAFTS,MUSIC,SPORTS AND RECREATIONS
942 _cBK
999 _c82854
_d82854